Statistics for Taylor Swift - The Man Lyrics

Click here to take the quiz!

General Stats

  • This quiz has been taken 154 times
  • The average score is 342 of 376

Answer Stats

Answer% Correct
be
99%
I
99%
a
98%
man
98%
the
98%
as
97%
If
97%
if
97%
me
97%
was
97%
can
96%
fast
96%
I'd
96%
i'd
96%
I'm
96%
i'm
96%
of
96%
running
96%
sick
96%
so
96%
So
96%
to
96%
would
96%
an
95%
cool
94%
that
94%
What
94%
you
94%
and
93%
And
93%
at
93%
get
93%
quicker
93%
Then
93%
then
93%
Wondering
93%
wondering
93%
again
92%
Cause
92%
cause
92%
do
92%
Every
92%
like
92%
like?
92%
What's
92%
alpha
91%
coming
91%
them
91%
they
91%
They
91%
What's
91%
there
90%
complex
89%
in
88%
In
88%
type
88%
believes
87%
everyone
87%
fearless
87%
leader
87%
okay
87%
say
87%
For
86%
it
86%
boss
85%
play
85%
mad
84%
When
84%
commit
82%
wearing
82%
more
81%
They'd
81%
ya
81%
bitch
80%
someone
80%
good
79%
it's
79%
just
79%
my
79%
rude
79%
all
78%
Leo
78%
power
78%
before
77%
bitches
77%
not
77%
Put
77%
you're
77%
bad
76%
field
76%
make
76%
models
76%
moves
76%
work
76%
found
75%
ideas
75%
players
74%
Could
73%
dollars
73%
how
73%
deserve
72%
played
72%
made
71%
wouldn't
71%
had
70%
much
70%
this
69%
conquest
68%
out
68%
question
68%
from
67%
getting
66%
hustled
66%
oh
65%
their
65%
heads
64%
Saint
64%
Tropez
64%
flashing
63%
shake
63%
toast
63%
baller
61%
separated
61%
Let
58%
paint
53%
about
52%
Raking
45%
brag
44%

Score Distribution

Percentile by Number Answered

Percent of People with Each Score

Your Score History

You have not taken this quiz